[Event "9098 - Open de la Loire "]
[Site "Loire"]
[Date "2007.01.13"]
[Round "1.1"]
[White "Goudet, Maxence"]
[Black "Pommier, Laurent"]
[Result "1/2-1/2"]
[WhiteElo "1470"]
[BlackElo "1860"]
[PlyCount "35"]
[EventDate "2007.??.??"]

1. e4 e5 2. Nf3 d6 3. Bc4 Be7 4. Nc3 Nf6 5. d3 Bg4 6. Be3 O-O 7. h3 Bd7 8. Qd2
c6 9. O-O a5 10. a4 Na6 11. Rab1 Nc7 12. d4 exd4 13. Bxd4 Nxe4 14. Nxe4 d5 15.
Bxd5 Nxd5 16. c4 Nf4 17. Bc5 Bxc5 18. Nxc5 1/2-1/2

[Event "9098 - Open de la Loire "]
[Site "Loire"]
[Date "2007.01.13"]
[Round "1.2"]
[White "Minchilli, Franco"]
[Black "Megnot, Philippe"]
[Result "1/2-1/2"]
[WhiteElo "1770"]
[BlackElo "1440"]
[PlyCount "120"]
[EventDate "2007.??.??"]

1. d4 d5 2. c4 c6 3. Nc3 Nf6 4. cxd5 cxd5 5. Nf3 g6 6. Bg5 Bg7 7. e3 a6 8. Bd3
O-O 9. Qc2 Nbd7 10. O-O Nb6 11. Rab1 Be6 12. Rfe1 Rc8 13. Qe2 h6 14. Bh4 Nc4
15. e4 dxe4 16. Nxe4 b5 17. Nc5 Rc6 18. b3 Na5 19. Nxe6 Rxe6 20. Qd2 Nc6 21.
Rxe6 fxe6 22. Bxg6 Qd5 23. Qe3 Ng4 24. Qe4 Qxe4 25. Bxe4 Nxd4 26. Bxe7 Rc8 27.
h3 Nxf3+ 28. Bxf3 Ne5 29. Bh5 b4 30. Bxb4 Rc2 31. a3 Nd3 32. Bg6 Nxb4 33. axb4
Rb2 34. Ra1 Rxb3 35. Rxa6 Kf8 36. Rxe6 Bd4 37. Kf1 Rxb4 38. Bf5 Bg7 39. g4 Kf7
40. Kg2 Rb5 41. Kf3 h5 42. Ke4 Rb4+ 43. Kd5 hxg4 44. hxg4 Rf4 45. Re2 Bd4 46.
f3 Ba7 47. Be4 Rf6 48. Ra2 Be3 49. Rh2 Rh6 50. Rb2 Kf6 51. Rb8 Ke7 52. Rb7+ Kf6
53. Rc7 Bf4 54. Rc6+ Kg5 55. Rxh6 Kxh6 56. Ke6 Kg5 57. Kf7 Bb8 58. Bf5 Bd6 59.
Ke6 Bb8 60. Kd5 Bf4 1/2-1/2

[Event "9098 - Open de la Loire "]
[Site "Loire"]
[Date "2007.01.13"]
[Round "1.3"]
[White "Rogues, Jean-Luc"]
[Black "Moleins, Jean-Pierre"]
[Result "0-1"]
[WhiteElo "1410"]
[BlackElo "1750"]
[PlyCount "45"]
[EventDate "2007.??.??"]

1. d4 d5 2. c4 dxc4 3. Nc3 c6 4. e4 Be6 5. d5 cxd5 6. exd5 Bd7 7. Bxc4 Nf6 8.
Nge2 Qc7 9. Qd3 Qd6 10. Bf4 Qb6 11. b3 Na6 12. O-O Nc5 13. Qd4 Rd8 14. Rab1 e6
15. b4 Na6 16. Qxb6 axb6 17. b5 Nc5 18. Bc7 Nfe4 19. Nxe4 Nxe4 20. Rbe1 Nd2 21.
dxe6 fxe6 22. Bxe6 Bxe6 23. Bxd8 0-1

[Event "9098 - Open de la Loire "]
[Site "Loire"]
[Date "2007.01.13"]
[Round "1.4"]
[White "Moleins, Adrien"]
[Black "Martin, Julien"]
[Result "1-0"]
[WhiteElo "1720"]
[BlackElo "1400"]
[PlyCount "81"]
[EventDate "2007.??.??"]

1. e4 e6 2. d4 d5 3. e5 c5 4. c3 cxd4 5. cxd4 Qa5+ 6. Nc3 Nc6 7. a3 Qb6 8. Nf3
Nge7 9. b4 Nf5 10. Na4 Qc7 11. g4 Nfe7 12. Bd2 Rb8 13. b5 Na5 14. Rc1 Qd8 15.
Bb4 Ng6 16. Qd2 Nb3 17. Rxc8 Qxc8 18. Qb2 Qc1+ 19. Qxc1 Nxc1 20. b6 Bxb4+ 21.
axb4 axb6 22. Nxb6 Nf4 23. Bb5+ Kd8 24. Kd2 Kc7 25. Nd7 Nfe2 26. Nxb8 Kxb8 27.
Bxe2 Na2 28. Rb1 Kc7 29. Rb2 Ra8 30. b5 Kb6 31. Bd3 g6 32. Bb1 Ra5 33. Bxa2
Rxb5 34. Rxb5+ Kxb5 35. Ng5 Kb4 36. Nxf7 Ka3 37. Bxd5 b5 38. Bxe6 Kb2 39. d5
Ka1 40. d6 b4 41. d7 1-0

[Event "9098 - Open de la Loire "]
[Site "Loire"]
[Date "2007.01.13"]
[Round "1.5"]
[White "Volay, Pascal"]
[Black "Pendrigh, Robin"]
[Result "0-1"]
[WhiteElo "1390"]
[BlackElo "1680"]
[PlyCount "136"]
[EventDate "2007.??.??"]

1. e4 e6 2. d4 d5 3. e5 c5 4. c3 Nc6 5. Bb5 a6 6. Bxc6+ bxc6 7. Nf3 cxd4 8.
cxd4 Qb6 9. Qb3 Qxb3 10. axb3 c5 11. Be3 cxd4 12. Bxd4 Rb8 13. Nbd2 Ne7 14. Bc5
Nc6 15. Bxf8 Rxf8 16. Ra4 Rb4 17. Rxb4 Nxb4 18. O-O Nd3 19. Rb1 Bd7 20. Nd4
Nxe5 21. Ra1 Bb5 22. Nxb5 axb5 23. Kf1 Ke7 24. Ra7+ Kd6 25. Ke2 g5 26. b4 Rc8
27. Ra6+ Rc6 28. Ra5 Rb6 29. f3 Nc6 30. Ra8 Rb8 31. Rxb8 Nxb8 32. Kd3 Nc6 33.
Kc3 Ne5 34. Kd4 Nc6+ 35. Kc3 e5 36. g4 Nd8 37. Nb3 Ne6 38. Nd2 Nd4 39. Kd3 Ke6
40. h3 f6 41. b3 h6 42. Ke3 Nc2+ 43. Kd3 Nxb4+ 44. Kc3 Nc6 45. Nb1 Nd4 46. Nd2
Nc6 47. Nf1 b4+ 48. Kc2 Nd4+ 49. Kd3 Nxf3 50. Ne3 Nd4 51. Nd1 Nxb3 52. Ne3 Nd4
53. Kd2 f5 54. gxf5+ Nxf5 55. Ng4 e4 56. Kc2 Kd6 57. Kb3 Kc5 58. Nf2 e3 59.
Nd3+ Kb5 60. Nxb4 e2 61. Nd3 h5 62. Kc2 g4 63. hxg4 hxg4 64. Kd2 Nd4 65. Ne1
Nf3+ 66. Nxf3 gxf3 67. Kd3 Kc5 68. Ke3 e1=Q+ 0-1

[Event "9098 - Open de la Loire "]
[Site "Loire"]
[Date "2007.01.13"]
[Round "1.6"]
[White "Doucet, Medhi"]
[Black "Brachet, Gerard"]
[Result "1-0"]
[WhiteElo "1630"]
[BlackElo "1380"]
[PlyCount "76"]
[EventDate "2007.??.??"]

1. c4 c5 2. Nc3 d6 3. e4 Nf6 4. d3 e5 5. Nf3 Be7 6. Be2 O-O 7. O-O Nc6 8. a3 a6
9. Rb1 Nd4 10. Nxd4 exd4 11. Nd5 Nxd5 12. cxd5 f5 13. f3 b5 14. b3 f4 15. Bd2
Bg5 16. Qc2 Rf6 17. g3 Bh3 18. Rf2 fxg3 19. hxg3 Bxd2 20. Qxd2 Bd7 21. Rh2 Rg6
22. Kf2 Qg5 23. Qxg5 Rxg5 24. Rbh1 h6 25. f4 Rf8 26. Kg2 Rxf4 27. Rh5 Rg6 28.
R5h4 Rf8 29. Rf1 Rb8 30. Rhf4 a5 31. Rb1 a4 32. b4 Rc8 33. Rc1 cxb4 34. Rxc8+
Bxc8 35. axb4 Ba6 36. Rf1 Rf6 37. Ra1 g6 38. Ra3 Bb7 1-0

[Event "9098 - Open de la Loire "]
[Site "Loire"]
[Date "2007.01.13"]
[Round "1.7"]
[White "Ben Habchi, Nordine"]
[Black "Joly, Christian"]
[Result "0-1"]
[WhiteElo "1350"]
[BlackElo "1610"]
[PlyCount "91"]
[EventDate "2007.??.??"]

1. e4 g6 2. c3 Bg7 3. d4 d6 4. Nf3 Nf6 5. Qc2 O-O 6. Be2 b6 7. Be3 Bb7 8. Bd3
a5 9. Nbd2 c5 10. d5 Nbd7 11. c4 Re8 12. O-O Nb8 13. Rfe1 Na6 14. a3 Nc7 15.
Ng5 e6 16. Ndf3 exd5 17. exd5 Rb8 18. Rab1 Ba6 19. a4 Bc8 20. b3 Bg4 21. h3 Bd7
22. Bd2 Na6 23. Re2 Rxe2 24. Bxe2 h6 25. Ne4 Nxe4 26. Qxe4 Bf5 27. Qf4 Bxb1 28.
Nh2 Qe7 29. Bf3 Re8 30. Ng4 g5 31. Qg3 Bf5 32. Ne3 Bd7 33. Bg4 Nb8 34. Bf5 Qf6
35. Qg4 Qa1+ 36. Kh2 Bxf5 37. Nxf5 Qe5+ 38. g3 Qf6 39. Qf3 Nd7 40. Nxg7 Qxf3
41. Nxe8 Qxf2+ 42. Kh1 Qxd2 43. Nxd6 Qd1+ 44. Kg2 Qxb3 45. Nf5 Qc2+ 46. Kf3 0-1

[Event "9098 - Open de la Loire "]
[Site "Loire"]
[Date "2007.01.13"]
[Round "1.8"]
[White "Gidon, Rene"]
[Black "Gerey, Jean-Pierre"]
[Result "1-0"]
[WhiteElo "1600"]
[BlackElo "1330"]
[PlyCount "130"]
[EventDate "2007.??.??"]

1. e4 e5 2. Nf3 Nc6 3. Bb5 a6 4. Ba4 b5 5. Bb3 Nf6 6. O-O Be7 7. Re1 O-O 8. c3
Bb7 9. d4 d6 10. Bc2 Re8 11. Nbd2 Bf8 12. Nb3 h6 13. d5 Ne7 14. Na5 Bc8 15. a4
Bd7 16. b4 c6 17. dxc6 Nxc6 18. Nxc6 Bxc6 19. axb5 axb5 20. Bb2 Rxa1 21. Bxa1
Qa8 22. Nd2 d5 23. f3 dxe4 24. Nxe4 Nxe4 25. Bxe4 Bxe4 26. Rxe4 Rd8 27. Qb1 f6
28. Bb2 Rd5 29. h3 Be7 30. Qc2 Kh8 31. Kh2 Qd8 32. Bc1 Rd1 33. Re2 Qd6 34. Be3
Bd8 35. Bc5 Qd7 36. Qe4 Qd3 37. Qxd3 Rxd3 38. Rc2 Bc7 39. Kg1 Kg8 40. Kf1 Kf7
41. Ke2 Rd8 42. g4 g5 43. Ke3 Kg6 44. c4 bxc4 45. Rxc4 Kf7 46. Ke4 Ke6 47. b5
Rb8 48. Rb4 Bb6 49. Bxb6 Rxb6 50. Kd3 Kd6 51. Kc4 Kc7 52. Kc5 Kb7 53. Rb1 Re6
54. Rd1 Kc7 55. Ra1 Kb7 56. Kd5 Rb6 57. Kc5 Re6 58. Rd1 Kc7 59. Rd2 Kb7 60.
Rd7+ Kc8 61. Rh7 f5 62. gxf5 Rf6 63. Kd5 Rxf5 64. Rg7 Rf6 65. Kxe5 Rb6 1-0

[Event "9098 - Open de la Loire "]
[Site "Loire"]
[Date "2007.01.13"]
[Round "1.9"]
[White "Chambosse, Alexis"]
[Black "Granger, Thierry"]
[Result "0-1"]
[WhiteElo "1320"]
[BlackElo "1600"]
[PlyCount "33"]
[EventDate "2007.??.??"]

1. e4 c5 2. Nc3 e6 3. Nf3 d6 4. Bb5+ Bd7 5. O-O Bxb5 6. Nxb5 a6 7. Nc3 Nc6 8.
b3 Nf6 9. Bb2 Be7 10. Re1 Qc7 11. Re2 b5 12. a3 O-O 13. d4 cxd4 14. Nxd4 Rad8
15. Qd3 Nxe4 16. Qxe4 Rc8 17. Rae1 0-1

[Event "9098 - Open de la Loire "]
[Site "Loire"]
[Date "2007.01.13"]
[Round "1.10"]
[White "Gregoire, Patrick"]
[Black "Mialon, Franck"]
[Result "0-1"]
[WhiteElo "1580"]
[BlackElo "1320"]
[PlyCount "88"]
[EventDate "2007.??.??"]

1. e4 e5 2. Nf3 Nc6 3. d4 exd4 4. Nxd4 Bc5 5. Nxc6 bxc6 6. Qg4 Be7 7. b3 Bf6 8.
c3 d5 9. Qf4 Ne7 10. Bd3 O-O 11. Qg3 Ng6 12. Bf4 dxe4 13. Bxe4 Nxf4 14. Qxf4
Bg5 15. Qg3 Ba6 16. f4 Re8 17. Nd2 Bf6 18. Rd1 Bh4 19. c4 Bxg3+ 20. hxg3 Qd3
21. Kf2 Qd4+ 22. Kf3 g6 23. Rhe1 f5 24. Bxc6 Rxe1 25. Rxe1 Qxd2 26. Re2 Qd4 27.
Bxa8 Qd1 28. Kf2 Qd4+ 29. Kf3 Qb6 30. Bd5+ Kg7 31. g4 fxg4+ 32. Kxg4 h5+ 33.
Kf3 Bc8 34. Kg3 Qf6 35. Re5 h4+ 36. Kf3 c6 37. Be4 h3 38. gxh3 Qh4 39. Rg5
Qxh3+ 40. Rg3 Bg4+ 41. Kf2 Qh2+ 42. Rg2 Qxf4+ 43. Kg1 Qxe4 44. Kf2 Qf3+ 0-1

[Event "9098 - Open de la Loire "]
[Site "Loire"]
[Date "2007.01.13"]
[Round "1.11"]
[White "Paratcha, Yohan"]
[Black "Kotur, Sava"]
[Result "1-0"]
[WhiteElo "1320"]
[BlackElo "1550"]
[PlyCount "78"]
[EventDate "2007.??.??"]

1. e4 d5 2. exd5 Qxd5 3. d4 Nc6 4. Nf3 Bg4 5. c3 Bxf3 6. gxf3 Nf6 7. Be3 a6 8.
a4 e6 9. Nd2 Be7 10. Bc4 Qh5 11. b4 O-O 12. Ne4 Nd5 13. Bd2 Qg6 14. h3 Qg2 15.
Ng3 Bh4 16. Bf1 Qxh1 17. Nxh1 Rfe8 18. Ng3 g6 19. Ne4 e5 20. b5 Nce7 21. dxe5
Rad8 22. Qe2 a5 23. c4 Nb4 24. Bxb4 axb4 25. f4 Nf5 26. Qb2 Nd4 27. Bg2 b3 28.
O-O-O Ne6 29. Nf6+ Bxf6 30. exf6 Nxf4 31. Bxb7 Ne2+ 32. Qxe2 Rxd1+ 33. Qxd1 h6
34. Kb2 c5 35. Bc6 Re6 36. Qf3 Kh7 37. a5 h5 38. a6 g5 39. Qxh5+ Kg8 1-0

[Event "9098 - Open de la Loire "]
[Site "Loire"]
[Date "2007.01.13"]
[Round "1.12"]
[White "Furnon, Yannick"]
[Black "Schlick, Paul"]
[Result "1-0"]
[WhiteElo "1540"]
[BlackElo "1299"]
[PlyCount "33"]
[EventDate "2007.??.??"]

1. d4 d5 2. Nf3 e6 3. Bg5 f6 4. Bh4 Bd6 5. e3 Ne7 6. Nbd2 Nf5 7. Bg3 Bxg3 8.
hxg3 Bd7 9. Bd3 Nc6 10. c3 e5 11. dxe5 fxe5 12. e4 dxe4 13. Nxe4 a6 14. Nfg5 h6
15. Qh5+ g6 16. Qxg6+ Ke7 17. Qf7# 1-0

[Event "9098 - Open de la Loire "]
[Site "Loire"]
[Date "2007.01.13"]
[Round "1.13"]
[White "Masson, Guillaume"]
[Black "Carrot, Axel"]
[Result "1/2-1/2"]
[WhiteElo "1220"]
[BlackElo "1530"]
[PlyCount "101"]
[EventDate "2007.??.??"]

1. e4 e5 2. Nf3 d6 3. d4 exd4 4. Nxd4 Be7 5. Be2 Bd7 6. Nc3 Nc6 7. Be3 Nf6 8.
O-O O-O 9. Nf5 Bxf5 10. exf5 Qd7 11. Bd3 Ne5 12. Bg5 Nxd3 13. Qxd3 Ng4 14. Bxe7
Qxe7 15. Nd5 Qd7 16. Rfe1 Ne5 17. Rxe5 Rad8 18. Re4 c6 19. Nf4 Qxf5 20. g3 Qf6
21. Rb4 Rd7 22. h4 Re8 23. Nh3 Re5 24. f4 Re6 25. g4 Qe7 26. Ng5 Re1+ 27. Rxe1
Qxe1+ 28. Kh2 Qxb4 29. Qxh7+ Kf8 30. Qh8+ Ke7 31. Qxg7 $11 Qxf4+ 32. Kh1 Qc1+
33. Kh2 Qxc2+ 34. Kg3 Qd3+ 35. Kf4 Qf1+ 36. Kg3 Qf6 37. Qxf6+ Kxf6 38. Nh7+ Ke6
39. Nf8+ Ke7 40. Nxd7 $11 Kxd7 41. h5 Ke7 42. h6 Kf6 43. g5+ Kg6 44. Kg4 d5 45.
Kf3 f6 46. gxf6 Kxh6 47. Kf4 Kg6 48. Ke5 Kf7 49. b3 b6 50. a3 a6 51. a4 1/2-1/2

[Event "9098 - Open de la Loire "]
[Site "Loire"]
[Date "2007.01.13"]
[Round "1.14"]
[White "Trottet, Francois"]
[Black "Choquelle, Jean"]
[Result "1-0"]
[WhiteElo "1510"]
[BlackElo "1210"]
[PlyCount "48"]
[EventDate "2007.??.??"]

1. e4 e5 2. Nf3 Nc6 3. Bb5 Nf6 4. O-O Bc5 5. Nc3 d5 6. Bxc6+ bxc6 7. exd5 Qd6
8. dxc6 O-O 9. d3 Re8 10. Re1 Ng4 11. Ne4 Qe7 12. Nxc5 Qxc5 13. d4 Qe7 14. dxe5
Ba6 15. Qd4 h5 16. Bf4 Rad8 17. Qc3 Bc8 18. h3 Be6 19. hxg4 Bxg4 20. Bg5 f6 21.
exf6 Qf7 22. Rxe8+ Qxe8 23. Ne5 Rd1+ 24. Rxd1 Bxd1 1-0

[Event "9098 - Open de la Loire "]
[Site "Loire"]
[Date "2007.01.13"]
[Round "1.15"]
[White "Veyrat, Gerard"]
[Black "Gregoire, Michele"]
[Result "0-1"]
[WhiteElo "1200"]
[BlackElo "1500"]
[PlyCount "72"]
[EventDate "2007.??.??"]

1. d4 d5 2. c4 c6 3. e3 Nf6 4. Bd3 Nbd7 5. cxd5 Nxd5 6. e4 N5b6 7. Nc3 e5 8.
Nf3 exd4 9. Nxd4 Ne5 10. Nf3 Nxd3+ 11. Kf1 Bg4 12. Qe2 Bc5 13. Be3 Bxe3 14.
Qxe3 Bxf3 15. Qxf3 Nxb2 16. Re1 O-O 17. g3 Qc7 18. e5 Rae8 19. Qf4 Re6 20. Re2
N2c4 21. Ne4 Rxe5 22. Qg4 Nd5 23. f4 Nce3+ 24. Kf2 Nxg4+ 25. Kf3 Rfe8 26. Kxg4
Qd7+ 27. Kf3 b6 28. Rhe1 Nf6 29. Nxf6+ gxf6 30. h4 Rxe2 31. Rxe2 Qd3+ 32. Kg4
f5+ 33. Kg5 f6+ 34. Kh6 Qd7 35. g4 Qg7+ 36. Kh5 Qg6# 0-1

[Event "9098 - Open de la Loire "]
[Site "Loire"]
[Date "2007.01.13"]
[Round "1.16"]
[White "Daillere, Roland"]
[Black "Muller, Anthony"]
[Result "0-1"]
[WhiteElo "1499"]
[BlackElo "1199"]
[PlyCount "88"]
[EventDate "2007.??.??"]

1. e4 e5 2. Nf3 Nc6 3. Bc4 Bc5 4. O-O Nf6 5. Nc3 O-O 6. d3 h6 7. a3 d6 8. b4
Bb6 9. Nd5 Bg4 10. Nxb6 axb6 11. c3 d5 12. exd5 Nxd5 13. Bd2 Re8 14. Re1 Nf6
15. b5 Na5 16. h3 Nxc4 17. hxg4 Qxd3 18. Qe2 Qxe2 19. Rxe2 e4 20. Nd4 Rxa3 21.
Rxa3 Nxa3 22. g5 hxg5 23. Bxg5 Nd5 24. Bd2 Nb1 25. c4 Ndc3 26. Bxc3 Nxc3 27.
Re3 Nd1 28. Re1 Nb2 29. f3 e3 30. Ne2 Nxc4 31. Rc1 Na5 32. Rxc7 Re5 33. Rc8+
Kh7 34. Rc7 f6 35. Kf1 Rxb5 36. Nd4 Rb2 37. Re7 Nc4 38. Rxb7 Rd2 39. Re7 Rxd4
40. Ke2 Rd2+ 41. Ke1 Rxg2 42. Re4 Rc2 43. Kd1 Rc3 44. Ke2 b5 0-1

[Event "9098 - Open de la Loire "]
[Site "Loire"]
[Date "2007.01.13"]
[Round "1.17"]
[White "Swietlicki, Jordan"]
[Black "Movsisian, Arthur"]
[Result "0-1"]
[WhiteElo "1199"]
[BlackElo "1499"]
[PlyCount "70"]
[EventDate "2007.??.??"]

1. d4 d5 2. c4 c6 3. e3 Nf6 4. Bd3 Nbd7 5. cxd5 Nxd5 6. e4 N5b6 7. Nc3 e5 8.
Nf3 exd4 9. Nxd4 Nc5 10. Nf3 Nxd3+ 11. Kf1 Bg4 12. Qe2 Bc5 13. Be3 Bxf3 14.
Qxf3 Nxb2 15. Re1 O-O 16. g3 Qc7 17. e5 Rae8 18. Qf4 Re6 19. Re2 N2c4 20. Ne4
Rxe5 21. Qg4 Nd5 22. f4 Ncxe3+ 23. Kf2 Nxg4+ 24. Kf3 Rc8 25. Kxg4 Qd7+ 26. Kf3
b6 27. Rhe1 Nf6 28. Nxf6+ gxf6 29. h3 Rxe2 30. Rxe2 Qd3+ 31. Kg4 f5+ 32. Kg5
f6+ 33. Kh6 Qd7 34. g4 Qg7+ 35. Kh5 Qg6+ 0-1

[Event "9098 - Open de la Loire "]
[Site "Loire"]
[Date "2007.01.13"]
[Round "1.18"]
[White "Perez, Christian"]
[Black "Geraci, Georges"]
[Result "1-0"]
[WhiteElo "1480"]
[BlackElo "1170"]
[PlyCount "55"]
[EventDate "2007.??.??"]

1. e4 d6 2. d4 Nc6 3. Nf3 Bg4 4. Be2 Nf6 5. Nc3 a6 6. Be3 g6 7. Qd2 Bg7 8. O-O
Qd7 9. h3 Bxh3 10. Nh2 h5 11. Bf3 O-O-O 12. gxh3 Qxh3 13. Bg2 Qh4 14. Bg5 Qxh2+
15. Kxh2 Ng4+ 16. Kg1 f6 17. Be3 Kb8 18. f3 Nh6 19. Kf2 Nf7 20. Rh1 e6 21. Rag1
e5 22. d5 Na5 23. Bf1 Nc4 24. Bxc4 g5 25. Qd3 h4 26. Bxa6 b6 27. Qb5 Rde8 28.
Qc6 1-0

[Event "9098 - Open de la Loire "]
[Site "Loire"]
[Date "2007.01.13"]
[Round "2.1"]
[White "Moleins, Jean-Pierre"]
[Black "Trottet, Francois"]
[Result "0-1"]
[WhiteElo "1750"]
[BlackElo "1510"]
[PlyCount "44"]
[EventDate "2007.??.??"]

1. e4 c5 2. b3 e6 3. Nf3 Nc6 4. Bb2 d6 5. Bb5 a6 6. Bxc6+ bxc6 7. c3 Nf6 8. e5
Nd5 9. c4 Nf4 10. O-O dxe5 11. Nxe5 Qc7 12. Qf3 Ng6 13. Qxc6+ Qxc6 14. Nxc6 Bd6
15. Bxg7 Rg8 16. Bc3 Nf4 17. g3 Bb7 18. h4 Bxc6 19. d4 Ne2+ 20. Kh2 Nf4 21.
gxf4 Bxf4+ 22. Kh3 Rg3+ 0-1

[Event "9098 - Open de la Loire "]
[Site "Loire"]
[Date "2007.01.13"]
[Round "2.2"]
[White "Gregoire, Michele"]
[Black "Moleins, Adrien"]
[Result "0-1"]
[WhiteElo "1500"]
[BlackElo "1720"]
[PlyCount "87"]
[EventDate "2007.??.??"]

1. d4 c5 2. Nf3 e6 3. Bf4 Nc6 4. e3 Qb6 5. b3 d5 6. c3 Bd7 7. Nbd2 cxd4 8. exd4
Rc8 9. Rc1 Nge7 10. Bd3 h6 11. h4 Nf5 12. Bxf5 exf5 13. Qe2+ Be7 14. Bd6 O-O
15. Bxe7 Rfe8 16. O-O Nxe7 17. Rfe1 Ng6 18. Qd1 Nf4 19. Re3 Qg6 20. Qf1 f6 21.
c4 Rxe3 22. fxe3 Nh5 23. Qf2 f4 24. Nf1 fxe3 25. Nxe3 Nf4 26. Ne1 Nh3+ 27. Kf1
Nxf2 28. Kxf2 Qe4 29. Nf3 dxc4 30. bxc4 Bg4 31. Nxg4 Qxg4 32. c5 g5 33. g3 Qe4
34. Re1 Qd5 35. hxg5 hxg5 36. g4 Qxa2+ 37. Re2 Qf7 38. Kg3 Qc7+ 39. Kg2 Qf4 40.
Re7 Rc7 41. Rxc7 Qxc7 42. Kf2 a5 43. Nd2 Qf4+ 44. Ke1 0-1

[Event "9098 - Open de la Loire "]
[Site "Loire"]
[Date "2007.01.13"]
[Round "2.3"]
[White "Pendrigh, Robin"]
[Black "Perez, Christian"]
[Result "1-0"]
[WhiteElo "1680"]
[BlackElo "1480"]
[PlyCount "91"]
[EventDate "2007.??.??"]

1. e4 e5 2. Nf3 Nc6 3. Bb5 a6 4. Ba4 Nf6 5. O-O Be7 6. Re1 O-O 7. Bxc6 dxc6 8.
Nxe5 Qd4 9. Nf3 Bg4 10. Nxd4 Bxd1 11. Rxd1 Bc5 12. Nf3 Nxe4 13. d4 Rad8 14. Be3
Rfe8 15. Nbd2 Nxd2 16. Rxd2 Bd6 17. c3 f6 18. Re1 Re4 19. g3 Rde8 20. Kf1 g5
21. Rde2 Kf7 22. Bd2 Rxe2 23. Rxe2 Rh8 24. h3 h5 25. Ng1 Kg6 26. Kg2 Kf7 27. f3
Rg8 28. Re1 Kf8 29. Ne2 Kf7 30. f4 g4 31. h4 f5 32. c4 c5 33. d5 b5 34. b3 b4
35. Kf2 Re8 36. Nc1 Rxe1 37. Kxe1 Ke7 38. Be3 Kd7 39. Nd3 a5 40. Bxc5 Bxc5 41.
Nxc5+ Ke7 42. Nb7 Kd7 43. Nxa5 Kd6 44. Nb7+ Kd7 45. Nc5+ Kd6 46. Na6 1-0

[Event "9098 - Open de la Loire "]
[Site "Loire"]
[Date "2007.01.13"]
[Round "2.4"]
[White "Movsisian, Arthur"]
[Black "Doucet, Medhi"]
[Result "1-0"]
[WhiteElo "1499"]
[BlackElo "1630"]
[PlyCount "42"]
[EventDate "2007.??.??"]

1. d4 d5 2. Nf3 Bf5 3. Bf4 e6 4. e3 Ne7 5. c4 Nbc6 6. a3 g6 7. c5 Bg7 8. Bb5
O-O 9. Nc3 f6 10. Bxc6 Nxc6 11. Nb5 e5 12. Bg3 a6 13. Nc3 exd4 14. Nxd4 Nxd4
15. Qxd4 c6 16. b4 Re8 17. O-O Bc2 18. Qd2 Bb3 19. Rab1 Bc4 20. Rfd1 f5 21. Na4
Qe7 1-0

[Event "9098 - Open de la Loire "]
[Site "Loire"]
[Date "2007.01.13"]
[Round "2.5"]
[White "Joly, Christian"]
[Black "Paratcha, Yohan"]
[Result "0-1"]
[WhiteElo "1610"]
[BlackElo "1320"]
[PlyCount "72"]
[EventDate "2007.??.??"]

1. e4 c6 2. d4 d5 3. exd5 cxd5 4. c4 Nf6 5. c5 Nc6 6. Nf3 Bf5 7. a3 a5 8. Nc3
e6 9. Bb5 Be7 10. Ne5 Rc8 11. Qa4 Qc7 12. O-O O-O 13. Nf3 Ne4 14. Nxe4 Bxe4 15.
Be2 Bf6 16. Be3 b6 17. b4 axb4 18. axb4 bxc5 19. bxc5 Ra8 20. Qd1 Rxa1 21. Qxa1
Rc8 22. Rd1 e5 23. Nxe5 Nxe5 24. Bf4 Qe7 25. dxe5 Bg5 26. Bg3 Qxc5 27. Bg4 Re8
28. Qa4 Rf8 29. h4 Be7 30. Qa2 f5 31. Bf3 f4 32. Bh2 Bxh4 33. g3 fxg3 34. Rf1
gxf2+ 35. Rxf2 Bxf2+ 36. Kf1 Qc1+ 0-1

[Event "9098 - Open de la Loire "]
[Site "Loire"]
[Date "2007.01.13"]
[Round "2.6"]
[White "Mialon, Franck"]
[Black "Gidon, Rene"]
[Result "0-1"]
[WhiteElo "1320"]
[BlackElo "1600"]
[PlyCount "28"]
[EventDate "2007.??.??"]

1. e4 e5 2. f4 d6 3. Bc4 Nf6 4. f5 Nc6 5. Nf3 h6 6. O-O Nxe4 7. d3 Nf6 8. Nc3
Bxf5 9. Nd5 Be7 10. Nxf6+ Bxf6 11. c3 Be6 12. Bxe6 fxe6 13. Nh4 Bxh4 14. Qh5+
Kd7 0-1

[Event "9098 - Open de la Loire "]
[Site "Loire"]
[Date "2007.01.13"]
[Round "2.7"]
[White "Granger, Thierry"]
[Black "Desassis, Emmeran"]
[Result "1-0"]
[WhiteElo "1600"]
[BlackElo "1120"]
[PlyCount "51"]
[EventDate "2007.??.??"]

1. d4 d6 2. c4 Nf6 3. Nf3 g6 4. Nc3 Bg7 5. e4 e5 6. d5 O-O 7. Be2 c6 8. O-O a6
9. a4 Nbd7 10. Bd3 Nc5 11. h3 Nxd3 12. Qxd3 Rb8 13. Be3 b5 14. axb5 axb5 15.
cxb5 c5 16. Na4 Ra8 17. Nd2 Bd7 18. Nb1 Qc8 19. b3 Bxh3 20. Bd2 Qg4 21. Qxh3
Qe2 22. Qf3 Qxb5 23. Bg5 c4 24. bxc4 Qb4 25. Nbc3 h6 26. Bxf6 1-0

[Event "9098 - Open de la Loire "]
[Site "Loire"]
[Date "2007.01.13"]
[Round "2.8"]
[White "Muller, Anthony"]
[Black "Furnon, Yannick"]
[Result "0-1"]
[WhiteElo "1199"]
[BlackElo "1540"]
[PlyCount "55"]
[EventDate "2007.??.??"]

1. d4 d5 2. c4 c6 3. Nc3 Nf6 4. e3 Bf5 5. Nf3 e6 6. cxd5 Nxd5 7. Nxd5 Qxd5 8.
b3 Be7 9. Bc4 Qd8 10. h3 Nd7 11. O-O O-O 12. Bb2 Nb6 13. Bd3 Bxd3 14. Qxd3 Nd5
15. a3 h6 16. Rfd1 Qc7 17. Rac1 Rac8 18. b4 a6 19. e4 Nf6 20. Bc3 Qb6 21. Rb1
Qa7 22. Re1 Ne8 23. Ra1 Nc7 24. Qc2 Bf6 25. Qb2 Nb5 26. e5 Be7 27. a4 Nxc3 28.
Qxc3 0-1

[Event "9098 - Open de la Loire "]
[Site "Loire"]
[Date "2007.01.13"]
[Round "2.9"]
[White "Pommier, Laurent"]
[Black "Masson, Guillaume"]
[Result "1-0"]
[WhiteElo "1860"]
[BlackElo "1220"]
[PlyCount "51"]
[EventDate "2007.??.??"]

1. e4 e5 2. Nf3 Nc6 3. Bb5 Nf6 4. d3 Bd6 5. O-O O-O 6. Bxc6 bxc6 7. Bg5 Qe7 8.
Re1 h6 9. Bf4 Bc5 10. d4 Bd6 11. Nbd2 Qe6 12. dxe5 Bxe5 13. Nxe5 Qxe5 14. Bg3
Qxb2 15. Bxc7 Re8 16. e5 Nd5 17. Bd6 Re6 18. Ne4 a5 19. a4 Nb4 20. Re2 Ba6 21.
Rd2 Rae8 22. c3 Nc2 23. Rxc2 Qb6 24. Rb1 Qd8 25. Nc5 Rxd6 26. Qxd6 1-0

[Event "9098 - Open de la Loire "]
[Site "Loire"]
[Date "2007.01.13"]
[Round "2.10"]
[White "Carrot, Axel"]
[Black "Minchilli, Franco"]
[Result "1/2-1/2"]
[WhiteElo "1530"]
[BlackElo "1770"]
[PlyCount "112"]
[EventDate "2007.??.??"]

1. e4 Nc6 2. Nf3 e5 3. d4 exd4 4. Nxd4 d6 5. Nxc6 bxc6 6. Nc3 Bb7 7. Bc4 Be7 8.
Be3 Nf6 9. Bd4 d5 10. Bxf6 Bxf6 11. exd5 Bxc3+ 12. bxc3 cxd5 13. Qe2+ Qe7 14.
Qxe7+ Kxe7 15. Bb3 c5 16. O-O-O Rhd8 17. Rhe1+ Kf8 18. Re5 f6 19. Rf5 d4 20.
Rxc5 dxc3 21. f3 Rxd1+ 22. Kxd1 Rd8+ 23. Ke1 Rd2 24. Kf1 Ba6+ 25. Kg1 g5 26.
Rxc3 Rd7 27. Rc6 Bb7 28. Rxf6+ Kg7 29. Re6 h5 30. Re3 Kf6 31. Rd3 Re7 32. Kf2
h4 33. g3 Rh7 34. Rd6+ Ke5 35. Re6+ Kd4 36. Rg6 hxg3+ 37. Kxg3 Ke3 38. Rxg5
Bxf3 39. Re5+ Kd4 40. Rf5 Be4 41. Rf7 Rxf7 42. Bxf7 Bxc2 43. h4 Ke5 $11 44. Kg4
Kf6 45. Be8 Bb1 46. a3 Bc2 47. Kh5 a5 48. Kh6 Ke7 49. Bg6 Bd1 50. Kg5 Kf8 51.
Bh5 Bc2 52. Bg4 Kg7 53. h5 Bb3 54. h6+ Kh8 55. Kg6 Ba4 56. Be6 Bc2+ $11 1/2-1/2

[Event "9098 - Open de la Loire "]
[Site "Loire"]
[Date "2007.01.13"]
[Round "2.11"]
[White "Megnot, Philippe"]
[Black "Goudet, Maxence"]
[Result "0-1"]
[WhiteElo "1440"]
[BlackElo "1470"]
[PlyCount "40"]
[EventDate "2007.??.??"]

1. d4 d5 2. Nf3 Nc6 3. Bf4 e6 4. e3 a6 5. Bd3 Bd6 6. Bg3 Bxg3 7. fxg3 Bd7 8.
Nc3 Qe7 9. a3 Nf6 10. b3 e5 11. dxe5 Nxe5 12. Qe2 Bg4 13. O-O O-O 14. Qf2 Bxf3
15. gxf3 Nxf3+ 16. Qxf3 Rfe8 17. e4 dxe4 18. Qe2 Red8 19. Rf2 Rd7 20. Rd1 Rad8
0-1